|
|
|
|
| LEADER |
00932nab a2200169 i 4500 |
| 001 |
univ77134 |
| 005 |
20260401145933.0 |
| 008 |
260401s2026 hu o 000 hun d |
| 040 |
|
|
|a SZTE UnivHistória Repozitórium
|b hun
|
| 041 |
|
|
|a hun
|
| 100 |
1 |
|
|a Bojtor Zalán
|
| 245 |
1 |
0 |
|a Második helyen zárta a rangos országos versenyt a Táncsics gimnázium diákja
|h [elektronikus dokumentum] /
|c Bojtor Zalán
|
| 260 |
|
|
|c 2026-03-31
|
| 490 |
0 |
|
|a Oroscafe.hu
|
| 561 |
|
|
|a Egyetemi hirarchívum
|
| 695 |
|
|
|a Gyógyszerésztudományi Kar - GYTK, Tanulmányi verseny - Herba Medica - 8. - országos döntő, Középiskolai diák - Dimák Dorottya, Helyezés - 2. hely, SZTE Partneriskola - Táncsics Mihály Gimnázium - Orosháza
|
| 856 |
4 |
0 |
|u http://univ.bibl.u-szeged.hu/77134/1/M%C3%A1sodik%20helyen%20z%C3%A1rta%20a%20rangos%20orsz%C3%A1gos%20versenyt%20a%20T%C3%A1ncsics%20gimn%C3%A1zium%20di%C3%A1kja%20_%20OrosCaf%C3%A9.pdf
|z Dokumentum-elérés
|